[Event "IECC Swiss-527"]
[Site "IECC email"]
[Date "2008.02.20"]
[Round "?"]
[White "De Bruin, Peter"]
[Black "Oppedal, Jim"]
[Result "1-0"]
[WhiteElo "1663"]
[BlackElo "1584"]
[PlyCount "59"]
[EventDate "2008.??.??"]
[EventType "match (corr)"]
[SourceTitle "Corr 2013"]
[Source "ChessBase"]
[SourceDate "2012.11.12"]
[SourceVersion "1"]
[SourceVersionDate "2012.11.12"]
[SourceQuality "1"]
[WhiteTeam "US of America"]
[BlackTeam "Spain"]
[WhiteTeamCountry "USA"]
[BlackTeamCountry "ESP"]

1. d4 Nf6 2. c4 g6 3. Nf3 Bg7 4. Nc3 d5 5. cxd5 Nxd5 6. e4 Nxc3 7. bxc3 c5 8. Bc4 0-0 9. 0-0 Bg4 10. dxc5 Qc7 11. Rb1 Nd7 12. h3 Bxf3 13. Qxf3 Ne5 14. Qf4 Qxc5 15. Bd5 Rab8 16. Be3 Qxc3 17. Bxb7 Qc7 18. Rfc1 Qd7 19. Bd5 Rxb1 20. Rxb1 e6 21. Bb3 a5 22. Rd1 Qb5 23. Qg5 a4 24. Bc2 Rc8 25. Rd8+ Rxd8 26. Qxd8+ Bf8 27. Bh6 Qb4 28. Bxa4 Qe1+ 29. Kh2 Nf3+ 30. Kg3 1-0

[Event "IECC Swiss-520"]
[Site "IECC email"]
[Date "2008.02.20"]
[Round "?"]
[White "Reilly, Jim"]
[Black "De Bruin, Peter"]
[Result "1/2-1/2"]
[WhiteElo "1349"]
[BlackElo "1668"]
[PlyCount "48"]
[EventDate "2008.??.??"]
[EventType "match (corr)"]
[SourceTitle "Corr 2013"]
[Source "ChessBase"]
[SourceDate "2012.11.12"]
[SourceVersion "1"]
[SourceVersionDate "2012.11.12"]
[SourceQuality "1"]
[WhiteTeam "US of America"]
[BlackTeam "India"]
[WhiteTeamCountry "USA"]
[BlackTeamCountry "IND"]

1. e4 c5 2. Nf3 Nc6 3. d4 cxd4 4. Nxd4 e5 5. Nb5 Nf6 6. N1c3 d6 7. Bg5 a6 8. Na3 Be7 9. Nc4 0-0 10. Bxf6 Bxf6 11. Nd5 Be6 12. Nxf6+ Qxf6 13. Nb6 Rad8 14. c3 Qg6 15. Qd3 f5 16. exf5 Bxf5 17. Qf3 Qf7 18. Bc4 Be6 19. Bxe6 Qxe6 20. Qd5 Qxd5 21. Nxd5 a5 22. a4 h6 23. 0-0 Kh7 24. Rfe1 Rf5 1/2-1/2

[Event "IECC Swiss-533"]
[Site "IECC email"]
[Date "2008.02.02"]
[Round "?"]
[White "De Bruin, Peter"]
[Black "Hasan, Khandakar Kayes"]
[Result "1/2-1/2"]
[WhiteElo "1655"]
[BlackElo "1868"]
[PlyCount "109"]
[EventDate "2008.??.??"]
[EventType "match (corr)"]
[SourceTitle "Corr 2013"]
[Source "ChessBase"]
[SourceDate "2012.11.12"]
[SourceVersion "1"]
[SourceVersionDate "2012.11.12"]
[SourceQuality "1"]
[WhiteTeam "Germany"]
[BlackTeam "Wales"]
[WhiteTeamCountry "GER"]
[BlackTeamCountry "WLS"]

1. d4 d5 2. Nf3 e6 3. e3 Nf6 4. Bd3 c5 5. 0-0 Nc6 6. Nc3 Be7 7. dxc5 Bxc5 8. e4 dxe4 9. Nxe4 Be7 10. Nxf6+ Bxf6 11. Qe2 e5 12. Rd1 Qe7 13. c3 Be6 14. b4 Qc7 15. Ng5 Bxg5 16. Bxg5 0-0 17. f3 Rfe8 18. Qe4 f5 19. Qe2 Ne7 20. Rac1 Ng6 21. Bb5 Rec8 22. a4 f4 23. a5 Qf7 24. Bd3 Bf5 25. a6 b5 26. Bxf5 Qxf5 27. h4 Rab8 28. Rd5 h6 29. h5 Qxg5 30. hxg6 Qxg6 31. Qxe5 Qxa6 32. Rd7 Qf6 33. Qxf6 gxf6 34. Rxa7 Rc4 35. Kh2 Rbc8 36. Rb7 Rxb4 37. cxb4 Rxc1 38. Rxb5 Rb1 39. Rb7 Kf8 40. b5 Ke8 41. Kh3 f5 42. Kh2 Kd8 43. b6 Ke8 44. g3 fxg3+ 45. Kxg3 Rb4 46. Kh2 Kd8 47. Rb8+ Kd7 48. Kg3 Kc6 49. Rh8 Kxb6 50. Rxh6+ Kc5 51. Rh5 Kd5 52. Rxf5+ Ke6 53. Rf8 Rc4 54. f4 Rc1 55. Re8+ 1/2-1/2

[Event "IECC KO-3057"]
[Site "IECC email"]
[Date "2007.08.06"]
[Round "?"]
[White "Pagano, Marcelo Rafael"]
[Black "De Bruin, Peter"]
[Result "0-1"]
[WhiteElo "1918"]
[BlackElo "1613"]
[PlyCount "52"]
[EventDate "2007.??.??"]
[EventType "match (corr)"]
[EventRounds "2"]
[SourceTitle "Corr 2011"]
[Source "ChessBase"]
[SourceDate "2010.08.31"]
[SourceVersion "1"]
[SourceVersionDate "2010.08.31"]
[SourceQuality "1"]
[WhiteTeam "US of America"]
[BlackTeam "South Africa"]
[WhiteTeamCountry "USA"]
[BlackTeamCountry "RSA"]

1. e4 e5 2. Nf3 Nc6 3. Bb5 a6 4. Ba4 Nf6 5. 0-0 Nxe4 6. d4 exd4 7. Re1 f5 8. Nxd4 Qh4 9. g3 Qf6 10. Nxc6 dxc6 11. f3 Bc5+ 12. Kh1 0-0 13. fxe4 fxe4 14. Nd2 Qg6 15. Rxe4 Bf5 16. Re5 Bg4 17. Qe1 Qf6 18. Rxc5 Rae8 19. Qf1 Qxf1+ 20. Nxf1 Rxf1+ 21. Kg2 Ref8 22. Bf4 Rxa1 23. Rg5 Be6 24. Be5 Rf7 25. Bb3 Bxb3 26. axb3 Re1 0-1